| 000 | 00398nam a2200145Ia 4500 | ||
|---|---|---|---|
| 008 | 230917s9999||||xx |||||||||||||| ||und|| | ||
| 040 |
_e154788 _aMAIN |
||
| 041 | _aEnglish | ||
| 082 | _a294.6 G537M:G | ||
| 100 | _aMaini, Dharampal | ||
| 245 | 0 | _aGuru Gobind Singh ke sahitya min bharayai sanskrit ke tatva | |
| 260 |
_aAllahabad _bLakbharati Prakashan _c1972 |
||
| 300 | _a141 p. | ||
| 942 | _cBK | ||
| 999 |
_c107426 _d107426 |
||